Bilder nach Buchstabe - D #2 - Statistiken

Allgemein
  • Dieses Quiz wurde 270 mal gespielt
  • Das Durchschnittsergebnis liegt bei 9 aus 16
Antwortstatistiken
Bildquiz Antwort % Korrekt
Dackel
98%
Dübel
81%
Dodo
75%
Donauwelle
75%
Düsenjet
75%
Dalai Lama
67%
Charles Darwin
63%
Doodle Jump
63%
Dill
59%
Düsseldorf
51%
Dunkelheit
50%
Dominica
47%
Dutzend
47%
DeLorean
42%
Doha
20%
Druide
18%
Keine übereinstimmenden Quizze gefunden
Verteilung der Resultate
Anzahl Personen mit jedem Resultat
Perzentil nach korrekt beantworteten Fragen
Ihre Resultats-Entwicklung
Sie haben dieses Quiz noch nicht gespielt